00331 a2200097 4500001001000000005001700010008004100027245009300068100002600161773004600187ART_4547720260410162040.0260409a 10aEl principio de reserva de ley, la doctrina de la Corte Suprema y el impuesto ley 25.4131 aSpisso, Rodolfo Roque0 tImpuestosg- NÂș 24 (mar. 2018)wREV45175